Equipe de France 2022 - Où sont-ils aujourd'hui ? Saison 2025-2026 - Statistiques

Statistiques générales
  • Ce quiz a été pris 62 fois
  • Le résultat moyen est 20 sur 26
Statistiques - réponses
Joueur Club actuel Club en 2022 % Correct
William Saliba Arsenal Arsenal
93%
Aurélien Tchouameni Real Madrid Real Madrid
93%
Eduardo Camavinga Real Madrid Real Madrid
93%
Adrien Rabiot AC Milan Juventus
91%
Dayot Upamecano Bayern Munich Bayern Munich
91%
Jules Kounde FC Barcelone FC Barcelone
91%
Ibrahima Konaté Liverpool Liverpool
91%
Lucas Hernandes PSG Bayern Munich
91%
Kilian Mbappé Réal Madrid PSG
91%
Antoine Griezmann Atletico Madrid Atletico Madrid
90%
Hugo Lloris Los Angeles Tottenham
90%
Ousmane Dembélé PSG FC Barcelone
90%
Marcus Thuram Inter Milan Borussia Mönchengladbach
88%
Raphaël Varane Retraite Manchester United
88%
Benjamin Pavard Inter Milan Bayern Munich
84%
Mattéo Guendouzi Lazio OM
83%
Steve Mandanda Retraite Stade Rennais
83%
Alphonse Areola West Ham United West Ham United
79%
Axel Disasi Chelsea AS Monaco
72%
Olivier Giroud Los Angeles Chelsea FC
71%
Randal Kolo Muani Tottenham Eintracht Francfort
71%
Théo Hernandez Al Hilal Manchester City
69%
Youssouf Fofana AC Milan AS Monaco
67%
Kinglsey Coman Al Nassr Bayern Munich
64%
Jordan Veretout Al Arabi OM
9%
Karim Benzema Ittihad Club Real Madrid
2%
Aucun quiz correspondant
Distribution des résultats
% des personnes avec chaque résultat
Percentile par nombre de réponses
Votre historique - résultats
Vous n’avez pas pris ce quiz